NDU-K Library Catalogue

Girl in a jacket 

The history of Kenya agriculture / (Record no. 15012)

MARC details
000 -LEADER
fixed length control field 00770nam a2200253 4500
001 - CONTROL NUMBER
control field 3608814
003 - CONTROL NUMBER IDENTIFIER
control field OSt
005 - DATE AND TIME OF LATEST TRANSACTION
control field 20240318062351.0
008 - FIXED-LENGTH DATA ELEMENTS--GENERAL INFORMATION
fixed length control field 720329s1972 ke a b 001 0 eng
010 ## - LIBRARY OF CONGRESS CONTROL NUMBER
LC control number 72178470
040 ## - CATALOGING SOURCE
Original cataloging agency DLC
Transcribing agency DLC
Modifying agency DLC
043 ## - GEOGRAPHIC AREA CODE
Geographic area code f-ke---
050 00 - LIBRARY OF CONGRESS CALL NUMBER
Classification number S473
Item number .K4 1972
082 00 - DEWEY DECIMAL CLASSIFICATION NUMBER
Classification number 630/.9676/2
100 1# - MAIN ENTRY--PERSONAL NAME
Personal name Cone, L. Winston,
Dates associated with a name 1914-
245 14 - TITLE STATEMENT
Title The history of Kenya agriculture /
Statement of responsibility, etc. L. Winston Cone and J. F. Lipscomb.
260 ## - PUBLICATION, DISTRIBUTION, ETC.
Place of publication, distribution, etc. [Nairobi, Kenya]
Name of publisher, distributor, etc. University Press of Africa,
Date of publication, distribution, etc. 1972.
300 ## - PHYSICAL DESCRIPTION
Extent 160 p.
Other physical details ill.
Dimensions 26 cm.
504 ## - BIBLIOGRAPHY, ETC. NOTE
Bibliography, etc. note Bibliography: p. 145-154.
650 #0 - SUBJECT ADDED ENTRY--TOPICAL TERM
Topical term or geographic name entry element Agriculture
Geographic subdivision Kenya
General subdivision History.
700 1# - ADDED ENTRY--PERSONAL NAME
Personal name Lipscomb, J. F.,
Relator term joint author.
906 ## - LOCAL DATA ELEMENT F, LDF (RLIN)
a 7
b cbc
c orignew
d 2
e ncip
f 19
g y-gencatlg
942 ## - ADDED ENTRY ELEMENTS (KOHA)
Source of classification or shelving scheme Library of Congress Classification
Koha item type Normal Collection
Suppress in OPAC No
Holdings
Withdrawn status Lost status Source of classification or shelving scheme Damaged status Not for loan Home library Current library Date acquired Total Checkouts Full call number Barcode Date last seen Price effective from Koha item type
    Library of Congress Classification     Kenya Military Academy Kenya Military Academy 18/03/2024   S473 .K4 1972 KMA002477 18/03/2024 18/03/2024 Normal Collection
    Library of Congress Classification     Kenya Military Academy Kenya Military Academy 18/03/2024   S473 .K4 1972 KMA002478 18/03/2024 18/03/2024 Normal Collection
    Library of Congress Classification     Kenya Military Academy Kenya Military Academy 18/03/2024   S473 .K4 1972 KMA002479 18/03/2024 18/03/2024 Normal Collection
Copyright © 2026 [National Defence University - Kenya]. All rights reserved.